A depresszió értelmező stílusának vizsgálata

Elmentve itt :
Bibliográfiai részletek
Szerző: Fodorné Pogány Judit
További közreműködők: Nincs megadva (Témavezető)
Dokumentumtípus: Disszertáció
Megjelent: 1988
Tárgyszavak:
Online Access:http://doktori.ek.szte.hu/3844
LEADER 00633nta a2200181 i 4500
001 dokt3844
005 20240903112343.0
008 170215s1988 hu om 000 hun d
040 |a SZTE Doktori Repozitórium  |b hun 
041 |a hun 
100 2 |a Fodorné Pogány Judit 
245 1 2 |a A depresszió értelmező stílusának vizsgálata  |h [elektronikus dokumentum] /  |c  Fodorné Pogány Judit 
260 |c 1988 
502 |a Disszertacio 
650 4 |a pszichológiai tudományok 
650 4 |a Pszichológia 
700 0 1 |a Nincs megadva  |e ths 
856 4 0 |u https://doktori.bibl.u-szeged.hu/id/eprint/3844/1/1988_fodorne_pogany_judit.pdf  |z Dokumentum-elérés